Pred búrkou. Radosť

Bibliographic Details
Main Author: Bereck, József, 1945-2013 (Author)
Other Authors: Wlachovský, Karol, 1941- (Translator)
Format: Article
Language:Slovak
PhysicalDescription:Fot. 1.
Subjects:

MARC

LEADER 00000nab a2200000 a 4500
001 vtls000221700
003 SK-MaSNL
005 20260302204550.0
008 160202c1985 xo 0 slo
015 |a SNBRB19rr/mm-uuuuu 
035 |a CL0231814 
040 |a SNKBUCL  |b slo  |c SNKBUCL  |e AACR2 
041 0 |a slo 
044 |a xo  |c SK 
080 |a 894.511 (437)-3  |2 1981 
100 1 |a Bereck, József,  |d 1945-2013  |4 aut  |9 159651 
245 1 0 |a Pred búrkou. Radosť  |c József Bereck ; Karol Wlachovský 
300 |b Fot. 1. 
650 0 7 |a poviedky psychologické  |2 snkbucl  |9 893883 
655 7 |a články z novín a časopisov  |2 snkbucl  |9 267496 
655 7 |a články z odboru literárna veda a krásna literatúra  |2 snkbucl  |9 770045 
700 1 |a Wlachovský, Karol,  |d 1941-  |4 trl  |9 108581 
773 0 |t Hlas ľudu  |g Roč. 31, č. 179 (1. 8. 1985), s. /7/ 
850 |a Slovenská národná knižnica v Martine  |a MTA001 
852 |a SNK  |b KIS3GCP 
958 |a RK 
958 |a HU 
958 |a LX 
992 |a RBX 
999 |c 1474009  |d 1475939